000 00382nam a2200133Ia 4500
005 20260326235450.0
008 260326s9999||||xx |||||||||||||| ||und||
100 _aGarcía Villaplana, Jordi
245 0 _aViaje por la Obra finlandesa de Alvar Aalto /
_cJordi García Villaplana
260 _bFundación Caja de Arquitectos
300 _a113 p.
650 _aARQUITECTOS
942 _cBK
999 _c7733
_d7733